Statystyki dla Rozpoznaj polskie miasta po zdjęciach #8

Kliknij tutaj aby rozwiązać quiz!

Ogólne statystyki

  • Ten quiz został rozwiązany 17 razy
  • Średni wynik to 2 z 8

Statystyki odpowiedzi

Odpowiedź% Poprawnych
Władysławowo
69%
Krynica-Zdrój
56%
Ząbkowice Śląskie
31%
Bardo
19%
Gorlice
13%
Gubin
13%
Namysłów
6%
Wałcz
6%

Rozkład punktacji

Percentyl według liczby udzielonych odpowiedzi

Procent ludzi z każdym wynikiem

Twoja historia wyników

Nie rozwiązałeś tego quizu